000 00880cam a22002894a 4500
001 2506
005 20250513085228.0
020 _a9780531292518
040 _aDLC
_cDLC
_dDLC
_beng
050 0 0 _aTH9148.S53
082 0 0 _a628.9
100 1 _aShepherd, Jodie
245 1 2 _aA day with firefighters /
_cby Jodie Shepherd
246 3 _aDay with fire fighters
260 _aNew York :
_bScholastic,
_c2013
300 _a32 pages :
_bcolor illustrations ;
_c19 cm
490 0 _aRookie read-about community
500 _aIncludes index.
505 _aJ
520 _aSimple text presents a short introduction to fire fighters.
521 _a470
_bLexile
521 _aJ
_bRaz-Plus
650 0 _aFire extinction
_vJuvenile literature.
650 0 _aFire fighters
_vJuvenile literature.
906 _a7
_bcbc
_corignew
_d1
_eecip
_f20
_gy-gencatlg
942 _2ddc
_cBK
_n0
999 _c2506
_d2506